Effect of surfactants on solubilization and biodegradation of selected free fatty acids in palm oil wastes /
Saved in:
| 主要作者: | |
|---|---|
| 格式: | Thesis 圖書 |
| 語言: | English |
| 出版: |
2002.
|
| 標簽: |
添加標簽
沒有標簽, 成為第一個標記此記錄!
|
| LEADER | 00740cam a2200205 a 4500 | ||
|---|---|---|---|
| 001 | u505809 | ||
| 003 | SIRSI | ||
| 008 | 020917s2002 si v 00 1 eng m | ||
| 035 | |a ACW-0808 | ||
| 040 | |a UMM | ||
| 090 | |a TP7 |b NUS 2002 Lim | ||
| 100 | 1 | 0 | |a Lim, Tau Yee. |
| 245 | 1 | 0 | |a Effect of surfactants on solubilization and biodegradation of selected free fatty acids in palm oil wastes / |c Lim Tau Yee. |
| 260 | |c 2002. | ||
| 300 | |a xvi, 119 leaves : |b ill. ; |c 30 cm. | ||
| 502 | |a Dissertation (M.Eng.) -- National University of Singapore, 2002. | ||
| 504 | |a Bibliography: leaves 101-117. | ||
| 948 | |a 24/10/2002 |b 26/12/2002 | ||
| 596 | |a 1 | ||
| 999 | |a TP7 NUS 2002 LIM |w LC |c 1 |i A510949530 |l B_KOM4 |m P01UTAMA |r Y |s Y |t TESIS |u 13/1/2003 |o .PUBLIC. bkom 4 : 43258 | ||
